[Event "XII Sabadell Open 2019"]
[Site "Sabadell"]
[Date "2019.09.09"]
[Round "8.7"]
[White "Umetsubo, Cesar Hidemitsu"]
[Black "Cruz, Filemon"]
[Result "1/2-1/2"]
[WhiteElo "2403"]
[BlackElo "2320"]
[Annotator "TA"]
[PlyCount "78"]
[EventDate "2019.09.01"]
[EventCountry "ESP"]
[SourceTitle "playchess.com"]
[Source "ChessBase"]
[SourceQuality "1"]

{[%evp 19,78,60,60,22,66,37,36,0,25,0,0,0,0,0,9,0,8,0,0,-80,-21,-37,-43,-47,-40,-100,-97,-162,-158,-153,-147,-151,-157,-146,-155,-214,-205,-233,-236,-229,-116,-124,-112,-110,-76,-91,-64,-80,-80,-238,0,0,0,0,0,0,0,0,0,0,0]} 1. e4 c5 2. Nf3 e6 3. d4 cxd4 4. Nxd4 a6 5. Bd3 Nf6 6. O-O Qc7 7. c4 Be7 8. Qe2 d6 9. Nc3 Nbd7 10. f4 O-O 11. Nf3 {B42: Sicilian: Kan Variation: 5 Bd3} (11. Kh1 b6 12. Bd2 Bb7 13. f5 e5 14. Nc2 Nc5 15. Bg5 Rfc8 16. Bxf6 Bxf6 17. Ne3 Nxd3 18. Qxd3 Rab8 19. Rad1 Bg5 20. b3 Bxe3 21. Qxe3 f6 22. a4 Bc6 23. Qe2 b5 24. axb5 axb5 25. cxb5 Be8 26. Rd3 Bxb5 {½-½ (26) Idani,P (2581)-Iturrizaga Bonelli,E (2635) Zuerich 2019}) 11... g6 12. e5 Ne8 13. Bd2 {White is slightly better.} b6 14. Kh1 Bb7 15. Be4 $146 ({Predecessor:} 15. Rae1 Rc8 16. b3 Nc5 17. Bb1 Ng7 18. Rc1 Rfd8 {0-1 (45) Plachetka,J (2395)-Dudas,J (2305) Slovakia 2000}) 15... Bxe4 16. Qxe4 Rc8 17. b3 Ng7 18. Rad1 h5 19. Bc1 (19. Qe2 $11) 19... Nf5 (19... d5 $1 $17 {[%cal Rd5e4]} 20. Qe2 dxc4) 20. Bb2 dxe5 21. fxe5 Nc5 22. Qf4 (22. Qe1 $15) 22... Rcd8 $1 $17 23. Nd4 (23. Nd5 $17 exd5 24. cxd5) 23... Nxd4 $1 $19 24. Rxd4 {[#]} Nd3 $1 {[%cal Rd3f4]} 25. Rxd3 Rxd3 26. Ne4 {Strongly threatening Qh6.} Qd8 27. h3 (27. Nd6 $17 {was called for.}) 27... Rd1 28. Kh2 {[#]} Rxf1 $1 29. Qxf1 Kg7 ({Black should try} 29... Qc7 $19 30. Nf6+ Bxf6 31. Qxf6 Qd8) 30. Qf4 $17 Qd3 31. Bc1 {Intending Qh6+ and mate.} Rh8 32. Be3 h4 33. Bxb6 Rh5 34. Be3 $2 (34. Qf3 $17 Qxf3 35. gxf3) 34... Kg8 $2 ({Black should play} 34... Rf5 $19 35. Qh6+ Kg8 36. Nf6+ Bxf6 37. exf6 Qd6+ 38. Kg1 Qd1+ 39. Kh2 Qd6+ 40. Kg1 Rxf6 41. Qxh4 Qd1+ 42. Kh2 Rf1) 35. Nd6 $1 $11 {The position is equal.} Bxd6 36. exd6 e5 37. Qf6 $1 Qxe3 38. d7 Qg3+ 39. Kg1 Qe1+ {Accuracy: White = 28%, Black = 59%.} 1/2-1/2

[Event "XII Sabadell Open 2019"]
[Site "Sabadell"]
[Date "2019.09.09"]
[Round "8.8"]
[White "Valdes Romero, Leonardo"]
[Black "Gonzalez Rodriguez, Jorge A."]
[Result "1-0"]
[WhiteElo "2399"]
[BlackElo "2263"]
[Annotator "TA"]
[PlyCount "79"]
[EventDate "2019.09.01"]
[EventCountry "ESP"]
[SourceTitle "playchess.com"]
[Source "ChessBase"]
[SourceQuality "1"]

{[%evp 22,79,16,18,30,24,47,26,20,20,21,8,0,-14,40,0,0,-9,-10,-41,-17,-42,-41,-51,-39,-39,-39,-76,-86,-78,-72,-51,-27,-54,0,0,0,0,0,0,0,6,35,0,0,0,-12,-9,799,777,29978,29979,29977,29975,29972,29974,29972,29973,29973,29973]} 1. Nf3 Nf6 2. c4 g6 3. g3 b6 4. Bg2 Bb7 5. O-O c5 6. Nc3 Bg7 7. d4 cxd4 8. Qxd4 d6 9. Rd1 Nbd7 10. Be3 Rc8 11. Rac1 O-O 12. Qh4 a6 {A30: Symmetrical English: Double Fianchetto and Hedgehog} 13. b3 Nc5 (13... Rc7 14. g4 Qa8 15. g5 Ne8 16. Nd5 Bxd5 17. Rxd5 b5 18. Rdd1 bxc4 19. Rxc4 d5 20. Rxc7 Nxc7 {½-½ (65) Erdos,V (2617)-Almasi,Z (2650) Ajka 2018}) 14. g4 $146 ({Predecessor:} 14. Bh6 Nce4 15. Nxe4 Bxe4 16. Be3 Qc7 17. Bh3 Rce8 18. b4 Bc6 19. b5 Bb7 20. Nd4 {½-½ (28) Svrsek,R (2385)-Knoeppel,B (2274) Remote email 2013}) 14... Ba8 {White has an edge.} 15. g5 Ne8 16. Bd4 Ne6 17. Be3 Nc5 (17... Bxc3 $11 18. Rxc3 N8g7) 18. b4 Nd7 $1 19. Nd5 e6 20. Nf4 Qe7 (20... Bb2 {keeps more tension.} 21. Rc2 Bh8 22. Qh3 Ng7 23. Rxd6 Nf5) 21. Ne1 Bxg2 22. Nexg2 Nc7 23. Qg3 Rfd8 24. h4 b5 25. c5 dxc5 26. bxc5 Ne5 27. Bd4 Nc4 (27... Nf3+ $15 28. Qxf3 Bxd4) 28. Bxg7 $11 Kxg7 29. Qc3+ e5 30. Ne3 $1 Rxd1+ 31. Rxd1 Qxc5 32. Nxc4 (32. Rd7 {looks sharper.} Qc6 33. Nxc4 Qxd7 34. Qxe5+ Kg8 35. Nb6) 32... bxc4 33. Nd5 $1 {[%mdl 64] [#] Decoy} Nxd5 34. Qxe5+ f6 $2 {[%mdl 8192]} (34... Kg8 $11 35. Rxd5 Qb4) 35. gxf6+ $18 Nxf6 36. Rd7+ $1 {White mates.} Kh6 37. Qf4+ Kh5 38. Qxf6 h6 39. Qf3+ Kxh4 40. Qe4+ {Accuracy: White = 54%, Black = 38%.} 1-0

[Event "XII Sabadell Open 2019"]
[Site "Sabadell"]
[Date "2019.09.09"]
[Round "8.10"]
[White "Rodriguez Velasco, German Enrique"]
[Black "Lorenzo De La Riva, Lazaro"]
[Result "0-1"]
[WhiteElo "2148"]
[BlackElo "2392"]
[Annotator "TA"]
[PlyCount "70"]
[EventDate "2019.09.01"]
[EventCountry "ESP"]
[SourceTitle "playchess.com"]
[Source "ChessBase"]
[SourceQuality "1"]

{[%evp 15,70,-14,0,-9,0,-25,-22,-31,-7,-27,-19,-18,0,-25,-36,-53,-37,-121,-119,-132,-150,-154,-151,-200,-199,-199,-204,-197,-177,-191,-175,-246,-250,-229,-234,-410,-179,-177,-158,-175,-169,-162,-154,-154,-52,-174,-171,-180,-184,-179,-150,-165,-173,-296,-183,-528,-508]} 1. Nf3 d5 2. g3 g6 3. Bg2 Bg7 4. d3 e5 5. O-O Ne7 6. Nbd2 O-O 7. c3 Nbc6 8. e4 a5 9. a4 {A07: Réti Opening: New York and Capablanca Systems} (9. Qc2 h6 10. b3 Be6 11. a3 Qd7 12. Bb2 dxe4 13. dxe4 Nc8 14. Rfd1 Qe7 15. a4 Rd8 16. Nf1 Nb6 {0-1 (39) Lenic,L (2646)-Caruana,F (2807) Tbilisi 2017}) 9... h6 10. Qc2 Re8 11. Re1 {The position is equal.} Rb8 $146 ({Predecessor:} 11... b6 12. b3 Ba6 13. Ba3 d4 14. cxd4 Nxd4 15. Nxd4 Qxd4 16. Nc4 Qd7 {1-0 (41) Movsesian,S (2635)-Shyam,S (2527) Pardubice 2018}) 12. h3 g5 13. Nf1 d4 14. Bd2 Ng6 15. Rab1 Be6 16. c4 (16. b4 $15) 16... Qd7 $17 17. Kh2 Bf8 18. Rec1 f6 19. Ne1 h5 20. Qd1 h4 21. Nc2 hxg3+ 22. fxg3 Re7 23. Qh5 (23. Qf3 $142) 23... Rh7 $19 24. Qxg6+ Bg7 $1 25. Bxg5 $2 (25. g4 {was called for.}) 25... Ne7 (25... fxg5 $142 26. Re1 Bxh3 27. Qxh7+ {[%mdl 64] Remove Defender} Kxh7 28. Bxh3 g4) 26. Qxh7+ Kxh7 27. Bd2 Qxa4 28. b4 {With the idea b5.} axb4 29. Nxb4 Qd7 {[#]} (29... Ng6 $17 30. h4 Qe8) 30. Nd5 (30. Na6 $1 $15 {[%mdl 512]}) 30... Ng6 31. Rc2 c6 32. Nb6 Qf7 33. Bb4 Bf8 34. Na4 (34. Bxf8 $142 Qxf8 35. Nd2) 34... Ra8 35. Nc5 $2 {[#]} (35. Bxf8 {is tougher.} Nxf8 36. Nc5) 35... Bc8 $1 {Accuracy: White = 34%, Black = 68%.} 0-1

[Event "XII Sabadell Open 2019"]
[Site "Sabadell"]
[Date "2019.09.09"]
[Round "8.11"]
[White "Quesada Vera, Liordis"]
[Black "Snehal, Bhosale"]
[Result "1-0"]
[WhiteElo "2389"]
[BlackElo "2134"]
[Annotator "TA"]
[PlyCount "33"]
[EventDate "2019.09.01"]
[EventCountry "ESP"]
[SourceTitle "playchess.com"]
[Source "ChessBase"]
[SourceQuality "1"]

{[%evp 9,33,0,18,8,2,0,-12,-24,0,-5,0,0,-7,-5,3,0,2,9,426,410,409,394,1039,1006,1015,1003]} 1. d4 Nf6 2. Nf3 e6 3. g3 b5 4. Bg2 d5 5. O-O Bb7 6. Ne5 {A46: 1 d4 Nf6 2 Nf3 e6: Torre, London and Colle Systems} (6. a4 b4 7. a5 Be7 8. c3 O-O 9. cxb4 Bxb4 10. Qb3 Qe7 11. Bd2 Na6 12. Rc1 Rab8 13. Bxb4 Nxb4 {½-½ (25) Meier,G (2628)-Vallejo Pons,F (2693) Karlsruhe/Baden Baden 2019}) 6... Be7 7. c4 bxc4 8. Nxc4 {The position is equal.} c6 $146 ({Predecessor:} 8... O-O 9. Nc3 c6 10. Ne5 Nbd7 11. Bf4 Nxe5 12. Bxe5 Nd7 13. Bf4 c5 14. dxc5 Nxc5 {1-0 (22) Khusnutdinov,R (2411)-Rodshtein,M (2517) playchess.com INT 2006}) 9. Ne5 Nfd7 10. Nd3 c5 11. dxc5 Nxc5 12. Nxc5 Bxc5 13. b4 $36 {[%cal Bb2b4,Bb4c5][%mdl 2080] White has some pressure.} Qf6 $2 {[%mdl 8192] [#]} (13... Be7 $11 {and Black stays safe.} 14. Nd2 O-O) 14. bxc5 $18 Nc6 ({Much worse is} 14... Qxa1 15. Qb3 $18) 15. Qb3 Qxa1 $2 (15... O-O 16. Bb2 Nd4) 16. Bb2 Na5 17. Qa3 {Accuracy: White = 74%, Black = 18%.} 1-0

[Event "XII Sabadell Open 2019"]
[Site "Sabadell"]
[Date "2019.09.09"]
[Round "8.12"]
[White "Navajas Alvarez, Josep"]
[Black "Bedoya Rosales, Luis"]
[Result "1/2-1/2"]
[WhiteElo "1731"]
[BlackElo "1918"]
[Annotator "NA RC"]
[PlyCount "74"]
[EventDate "2019.09.01"]
[EventCountry "ESP"]
[SourceTitle "playchess.com"]
[Source "ChessBase"]
[SourceQuality "1"]
[TimeControl "5400+30"]

1. c4 {[%emt 0:08:17]} Nf6 {[%emt 0:10:07]} 2. Nc3 {[%emt 0:00:00]} g6 {[%emt 0:00:16]} 3. g3 {[%emt 0:00:00]} Bg7 {[%emt 0:00:02]} 4. Bg2 {[%emt 0:00:00]} O-O {[%emt 0:00:05]} 5. e3 {[%emt 0:04:15]} d6 {[%emt 0:08:27]} 6. Nge2 {[%emt 0:00:00]} e5 {[%emt 0:00:42]} 7. O-O {[%emt 0:00:00]} c6 {[%emt 0:00:14]} 8. d4 {[%emt 0:00:00]} Be6 {[%emt 0:08:26]} 9. b3 {[%emt 0:19:54]} Qa5 {[%emt 0:05:05]} 10. Bb2 {[%emt 0:00:00]} Na6 {[%emt 0:06:05]} 11. Rc1 {[%emt 0:14:10]} Rac8 {[%emt 0:04:40]} 12. e4 {[%emt 0:07:47]} Bg4 {[%emt 0:00:23]} 13. f3 {[%emt 0:00:00]} Be6 {[%emt 0:07:31]} 14. Qd2 {[%emt 0:14:47]} Kh8 {[%emt 0:28:21]} 15. Kh1 {[%emt 0:00:00]} Ng8 {[%emt 0:10:57]} 16. f4 {[%emt 0:05:31]} f6 {[%emt 0:04:57]} 17. Ba1 {[%emt 0:08:18]} Rcd8 {[%emt 0:02:10]} 18. Rcd1 {[%emt 0:06:27]} Bc8 {[%emt 0:00:00]} 19. d5 {[%emt 0:00:00]} c5 {[%emt 0:02:57]} 20. Nb5 {[%emt 0:00:25]} Qxd2 {[%emt 0:00:00]} 21. Rxd2 {[%emt 0:00:00]} Nb4 {[%emt 0:00:00]} 22. Nxa7 {[%emt 0:00:00]} Bd7 {[%emt 0:00:00]} 23. a4 {[%emt 0:00:00]} Ne7 {[%emt 0:00:00]} 24. fxe5 {[%emt 0:00:00]} fxe5 {[%emt 0:00:00]} 25. Bc3 {[%emt 0:00:00]} Na6 {[%emt 0:00:12]} 26. Nb5 {[%emt 0:00:00]} Nc8 {[%emt 0:02:39]} 27. h3 {[%emt 0:00:00]} Rxf1+ {[%emt 0:00:00]} 28. Bxf1 {[%emt 0:00:19]} Rf8 {[%emt 0:01:45]} 29. Rd1 {[%emt 0:00:00]} Bh6 {[%emt 0:00:00]} 30. Bg2 {[%emt 0:00:00]} Kg8 {[%emt 0:02:05]} 31. Bd2 {[%emt 0:00:00]} Bxd2 {[%emt 0:00:00]} 32. Rxd2 {[%emt 0:00:00]} Rf6 {[%emt 0:00:00]} 33. Nec3 {[%emt 0:00:00]} Kf8 {[%emt 0:00:00]} 34. Kg1 {[%emt 0:00:00]} Ke7 {[%emt 0:01:46]} 35. Rf2 {[%emt 0:00:00]} Rxf2 {[%emt 0:00:00]} 36. Kxf2 {[%emt 0:00:00]} Nb4 {[%emt 0:00:00]} 37. Ke2 {[%emt 0:00:00]} b6 {[%emt 0:01:43]} 1/2-1/2

[Event "XII Sabadell Open 2019"]
[Site "Sabadell"]
[Date "2019.09.09"]
[Round "8.13"]
[White "Garcia Gil, Oriol"]
[Black "Fernandez Aguilar, Francisco"]
[Result "0-1"]
[WhiteElo "1629"]
[BlackElo "2040"]
[Annotator "NA RC"]
[PlyCount "64"]
[EventDate "2019.09.01"]
[EventCountry "ESP"]
[SourceTitle "playchess.com"]
[Source "ChessBase"]
[SourceQuality "1"]
[TimeControl "5400+30"]

1. e4 {[%emt 0:00:01]} e5 {[%emt 0:00:30]} 2. Nf3 {[%emt 0:00:07]} Nc6 {[%emt 0:00:04]} 3. Bb5 {[%emt 0:00:04]} a6 {[%emt 0:00:16]} 4. Ba4 {[%emt 0:00:05]} Nf6 {[%emt 0:00:15]} 5. d3 {[%emt 0:00:07]} b5 {[%emt 0:00:05]} 6. Bb3 {[%emt 0:00:04]} Be7 {[%emt 0:00:08]} 7. O-O {[%emt 0:00:49]} d6 {[%emt 0:00:08]} 8. c3 Na5 {[%emt 0:00:14]} 9. Bc2 {[%emt 0:00:07]} c5 {[%emt 0:00:18]} 10. Re1 {[%emt 0:01:15]} Nc6 {[%emt 0:00:58]} 11. Nbd2 {[%emt 0:00:31]} O-O {[%emt 0:00:07]} 12. Nf1 {[%emt 0:00:18]} h6 {[%emt 0:01:25]} 13. Ng3 {[%emt 0:00:03]} Be6 {[%emt 0:05:38]} 14. h3 {[%emt 0:00:55]} Re8 {[%emt 0:02:01]} 15. Be3 {[%emt 0:02:48]} d5 {[%emt 0:01:08]} 16. d4 {[%emt 0:07:00]} cxd4 {[%emt 0:01:25]} 17. cxd4 {[%emt 0:00:10]} exd4 {[%emt 0:03:40]} 18. Nxd4 {[%emt 0:00:33]} Nxd4 {[%emt 0:00:05]} 19. Bxd4 {[%emt 0:06:58]} dxe4 {[%emt 0:00:27]} 20. Nxe4 {[%emt 0:00:44]} Nxe4 {[%emt 0:01:18]} 21. Bxe4 {[%emt 0:11:25]} Rc8 {[%emt 0:11:56]} 22. b3 {[%emt 0:22:36]} Bb4 {[%emt 0:08:14]} 23. Re3 {[%emt 0:03:30]} Qh4 {[%emt 0:16:43]} 24. Bf3 {[%emt 0:16:03]} Red8 {[%emt 0:00:03]} 25. Re4 {[%emt 0:01:31]} Qg5 {[%emt 0:05:15]} 26. h4 {[%emt 0:04:47]} Qg6 {[%emt 0:10:20]} 27. Qe2 {[%emt 0:06:36]} Bf5 {[%emt 0:03:30]} 28. Rf4 {[%emt 0:03:19]} Bd6 {[%emt 0:02:27]} 29. Rxf5 {[%emt 0:02:23]} Qxf5 {[%emt 0:00:13]} 30. Bg4 {[%emt 0:04:13]} Qf4 {[%emt 0:00:53]} 31. g3 {[%emt 0:00:47]} Qxd4 {[%emt 0:00:06]} 32. Rd1 {[%emt 0:01:10]} Qe5 {[%emt 0:00:36]} 0-1

[Event "XII Sabadell Open 2019"]
[Site "Sabadell"]
[Date "2019.09.09"]
[Round "8.14"]
[White "Navajas Alvarez, Antoni"]
[Black "Alcon Davalos, Marc"]
[Result "1/2-1/2"]
[WhiteElo "1512"]
[BlackElo "1459"]
[Annotator "NA RC"]
[PlyCount "98"]
[EventDate "2019.09.01"]
[EventCountry "ESP"]
[SourceTitle "playchess.com"]
[Source "ChessBase"]
[SourceQuality "1"]
[TimeControl "5400+30"]

1. e4 {[%emt 0:00:00]} e5 {[%emt 0:00:00]} 2. Nf3 {[%emt 0:00:00]} Nc6 {[%emt 0:00:16]} 3. Bc4 {[%emt 0:01:29]} Bc5 {[%emt 0:01:36]} 4. c3 {[%emt 0:00:06]} Nf6 {[%emt 0:00:22]} 5. d3 {[%emt 0:00:31]} d6 {[%emt 0:01:02]} 6. Nbd2 {[%emt 0:02:04]} Be6 {[%emt 0:01:30]} 7. Bxe6 {[%emt 0:00:00]} fxe6 {[%emt 0:00:14]} 8. Nf1 {[%emt 0:00:30]} Qe7 {[%emt 0:02:29]} 9. Ng3 {[%emt 0:00:18]} h6 {[%emt 0:05:54]} 10. b4 {[%emt 0:05:21]} Bb6 {[%emt 0:07:29]} 11. a4 {[%emt 0:07:24]} a6 {[%emt 0:00:00]} 12. O-O {[%emt 0:00:53]} O-O {[%emt 0:00:00]} 13. h3 {[%emt 0:02:11]} Kh7 {[%emt 0:00:00]} 14. Be3 {[%emt 0:00:59]} Qf7 {[%emt 0:04:52]} 15. Qd2 {[%emt 0:05:57]} Ne7 {[%emt 0:00:00]} 16. d4 {[%emt 0:07:30]} exd4 {[%emt 0:00:00]} 17. cxd4 {[%emt 0:02:23]} Nh5 {[%emt 0:00:59]} 18. Nxh5 {[%emt 0:00:00]} Qxh5 {[%emt 0:00:09]} 19. Nh2 {[%emt 0:06:32]} Rf7 {[%emt 0:07:02]} 20. Ng4 {[%emt 0:01:18]} Raf8 {[%emt 0:00:00]} 21. Rab1 {[%emt 0:02:04]} Ng8 {[%emt 0:02:08]} 22. b5 {[%emt 0:06:43]} a5 {[%emt 0:04:30]} 23. Rbc1 {[%emt 0:06:31]} Nf6 {[%emt 0:00:30]} 24. Nxf6+ {[%emt 0:00:00]} gxf6 {[%emt 0:01:34]} 25. Kh2 {[%emt 0:00:08]} Rg8 {[%emt 0:01:51]} 26. f3 {[%emt 0:04:48]} Qg6 {[%emt 0:04:23]} 27. g4 {[%emt 0:04:10]} f5 {[%emt 0:05:12]} 28. exf5 {[%emt 0:00:00]} exf5 {[%emt 0:02:59]} 29. Rf2 {[%emt 0:03:29]} Qf6 {[%emt 0:01:45]} 30. Rff1 {[%emt 0:03:59]} f4 {[%emt 0:00:56]} 31. Bf2 {[%emt 0:03:10]} d5 {[%emt 0:02:25]} 32. Rfe1 {[%emt 0:00:00]} c6 {[%emt 0:04:30]} 33. bxc6 {[%emt 0:00:00]} bxc6 {[%emt 0:00:06]} 34. Re5 {[%emt 0:01:09]} Bc7 {[%emt 0:00:35]} 35. Rf5 {[%emt 0:00:00]} Qe6 {[%emt 0:00:40]} 36. Rxf7+ {[%emt 0:00:00]} Qxf7 {[%emt 0:00:50]} 37. Rxc6 {[%emt 0:00:36]} Rg7 {[%emt 0:00:30]} 38. Qd3+ {[%emt 0:00:00]} Rg6 {[%emt 0:01:44]} 39. Rxg6 {[%emt 0:01:47]} Qxg6 {[%emt 0:00:10]} 40. Qxg6+ {[%emt 0:00:00]} Kxg6 {[%emt 0:00:09]} 41. h4 {[%emt 0:00:32]} Bd8 {[%emt 0:02:07]} 42. Kh3 {[%emt 0:00:00]} Bf6 {[%emt 0:00:39]} 43. h5+ {[%emt 0:03:32]} Kg7 {[%emt 0:01:28]} 44. Kg2 {[%emt 0:00:00]} Kf7 {[%emt 0:00:16]} 45. Kf1 {[%emt 0:00:00]} Ke6 {[%emt 0:00:16]} 46. Ke2 {[%emt 0:01:11]} Bd8 {[%emt 0:03:12]} 47. Kd3 {[%emt 0:00:00]} Be7 {[%emt 0:00:43]} 48. Be1 {[%emt 0:00:00]} Bd8 {[%emt 0:00:14]} 49. Bd2 {[%emt 0:00:09]} Bc7 {[%emt 0:00:41]} 1/2-1/2

[Event "XII Sabadell Open 2019"]
[Site "Sabadell"]
[Date "2019.09.09"]
[Round "8.15"]
[White "Tortosa Moros, Joan"]
[Black "Menendez Cabrera, Enric"]
[Result "1-0"]
[WhiteElo "1647"]
[BlackElo "1558"]
[Annotator "NA RC"]
[PlyCount "99"]
[EventDate "2019.09.01"]
[EventCountry "ESP"]
[SourceTitle "playchess.com"]
[Source "ChessBase"]
[SourceQuality "1"]
[TimeControl "5400+30"]

1. e4 {[%emt 0:00:29]} d5 {[%emt 0:01:18]} 2. exd5 {[%emt 0:00:13]} Qxd5 {[%emt 0:00:04]} 3. Nc3 {[%emt 0:00:06]} Qd8 {[%emt 0:00:12]} 4. d4 {[%emt 0:00:20]} c6 {[%emt 0:00:08]} 5. Be2 {[%emt 0:01:03]} Nf6 {[%emt 0:00:18]} 6. Nf3 {[%emt 0:00:45]} h6 {[%emt 0:00:08]} 7. O-O {[%emt 0:00:18]} e6 {[%emt 0:00:16]} 8. h3 {[%emt 0:04:03]} Bd6 {[%emt 0:00:27]} 9. Be3 {[%emt 0:00:08]} O-O {[%emt 0:00:44]} 10. Qd2 {[%emt 0:02:14]} Nbd7 {[%emt 0:02:47]} 11. Bd3 {[%emt 0:01:51]} Re8 {[%emt 0:06:18]} 12. Rfe1 {[%emt 0:00:07]} Bf8 {[%emt 0:00:38]} 13. Bf4 {[%emt 0:03:15]} b5 {[%emt 0:09:49]} 14. Ne4 {[%emt 0:02:09]} Nxe4 {[%emt 0:01:07]} 15. Bxe4 {[%emt 0:00:26]} Bb7 {[%emt 0:03:35]} 16. Rad1 {[%emt 0:02:23]} Nf6 {[%emt 0:01:20]} 17. Bd3 {[%emt 0:01:59]} a6 {[%emt 0:05:06]} 18. c3 {[%emt 0:03:01]} Rc8 {[%emt 0:03:49]} 19. Be5 {[%emt 0:01:10]} c5 {[%emt 0:02:02]} 20. Qf4 {[%emt 0:07:58]} Nh5 {[%emt 0:01:52]} 21. Qg4 {[%emt 0:00:44]} Bxf3 {[%emt 0:00:26]} 22. Qxf3 {[%emt 0:00:32]} Qg5 {[%emt 0:04:08]} 23. Be2 {[%emt 0:02:05]} Nf6 {[%emt 0:00:37]} 24. Bxf6 {[%emt 0:00:26]} Qxf6 {[%emt 0:01:00]} 25. Qxf6 {[%emt 0:00:28]} gxf6 {[%emt 0:00:09]} 26. dxc5 {[%emt 0:00:41]} Rxc5 {[%emt 0:00:34]} 27. Rd7 {[%emt 0:02:18]} a5 {[%emt 0:04:09]} 28. Rb7 {[%emt 0:00:26]} b4 {[%emt 0:02:04]} 29. cxb4 {[%emt 0:00:06]} Re5 {[%emt 0:00:27]} 30. bxa5 {[%emt 0:01:50]} Rxa5 {[%emt 0:00:32]} 31. a3 {[%emt 0:00:59]} Rd8 {[%emt 0:00:53]} 32. Rd1 {[%emt 0:01:35]} Rxd1+ {[%emt 0:02:23]} 33. Bxd1 {[%emt 0:01:01]} Rd5 {[%emt 0:00:29]} 34. Bf3 {[%emt 0:00:24]} Ra5 {[%emt 0:01:22]} 35. Kf1 {[%emt 0:01:24]} Bd6 {[%emt 0:04:18]} 36. g4 {[%emt 0:00:30]} Be5 {[%emt 0:00:28]} 37. Bd1 {[%emt 0:07:00]} Rc5 {[%emt 0:01:21]} 38. b4 {[%emt 0:01:36]} Rc3 {[%emt 0:00:22]} 39. a4 {[%emt 0:00:39]} Rxh3 {[%emt 0:01:57]} 40. Rd7 {[%emt 0:01:39]} Rc3 {[%emt 0:00:11]} 41. b5 {[%emt 0:01:01]} Ra3 {[%emt 0:00:27]} 42. b6 {[%emt 0:00:29]} Ra1 {[%emt 0:00:13]} 43. Kg2 {[%emt 0:04:04]} Kg7 {[%emt 0:00:27]} 44. b7 {[%emt 0:00:04]} Rb1 {[%emt 0:00:34]} 45. Bf3 {[%emt 0:00:25]} Rb6 {[%emt 0:00:52]} 46. Rd8 {[%emt 0:01:06]} Ra6 {[%emt 0:01:51]} 47. Ra8 {[%emt 0:00:01]} Rb6 {[%emt 0:00:31]} 48. a5 {[%emt 0:00:19]} Rb4 {[%emt 0:00:49]} 49. a6 {[%emt 0:00:23]} Ra4 {[%emt 0:00:55]} 50. a7 {[%emt 0:00:28]} 1-0

[Event "XII Sabadell Open 2019"]
[Site "Sabadell"]
[Date "2019.09.10"]
[Round "9.1"]
[White "Moskalenko, Viktor"]
[Black "Diaz Camallonga, Carles"]
[Result "1/2-1/2"]
[WhiteElo "2475"]
[BlackElo "2440"]
[Annotator "ChessBase"]
[PlyCount "66"]
[EventDate "2019.09.01"]
[EventCountry "ESP"]
[SourceTitle "playchess.com"]
[Source "ChessBase"]
[SourceQuality "1"]
[TimeControl "5400+30"]

1. d4 {[%emt 0:02:42]} e6 {[%emt 0:00:00]} 2. c4 {[%emt 0:00:08]} d5 {[%emt 0:00:00]} 3. Nc3 {[%emt 0:00:12]} c6 {[%emt 0:08:19]} 4. cxd5 {[%emt 0:14:51]} exd5 {[%emt 0:00:00]} 5. Qc2 {[%emt 0:00:08]} Ne7 {[%emt 0:11:38]} 6. Bf4 {[%emt 0:06:12]} Bf5 {[%emt 0:00:00]} 7. Qd2 {[%emt 0:00:17]} Nd7 {[%emt 0:00:00]} 8. e3 {[%emt 0:09:04]} Ng6 {[%emt 0:00:00]} 9. Bg3 {[%emt 0:00:00]} Nf6 {[%emt 0:00:00]} 10. f3 {[%emt 0:02:30]} h5 {[%emt 0:06:43]} 11. Bd3 {[%emt 0:00:57]} Bxd3 {[%emt 0:00:00]} 12. Qxd3 {[%emt 0:00:59]} h4 {[%emt 0:02:14]} 13. Bf2 {[%emt 0:03:08]} Bd6 {[%emt 0:00:16]} 14. Nge2 {[%emt 0:11:09]} Qd7 {[%emt 0:05:16]} 15. O-O-O {[%emt 0:03:53]} O-O-O {[%emt 0:00:19]} 16. Kb1 {[%emt 0:02:36]} Kb8 {[%emt 0:01:40]} 17. Qc2 {[%emt 0:03:43]} Qc7 {[%emt 0:02:34]} 18. h3 {[%emt 0:00:49]} Nh5 {[%emt 0:01:24]} 19. Na4 {[%emt 0:08:55]} Rhe8 {[%emt 0:02:20]} 20. Rd3 {[%emt 0:03:04]} Rc8 {[%emt 0:08:48]} 21. Rb3 {[%emt 0:01:55]} Qe7 {[%emt 0:01:52]} 22. Nc5 {[%emt 0:01:35]} Bxc5 {[%emt 0:05:28]} 23. Qxc5 {[%emt 0:03:38]} Qxc5 {[%emt 0:01:43]} 24. dxc5 {[%emt 0:00:01]} f5 {[%emt 0:01:16]} 25. Nd4 {[%emt 0:08:01]} f4 {[%emt 0:03:26]} 26. exf4 {[%emt 0:09:12]} Ngxf4 {[%emt 0:01:34]} 27. Bxh4 {[%emt 0:01:02]} Nxg2 {[%emt 0:00:30]} 28. Bg5 {[%emt 0:00:11]} g6 {[%emt 0:00:40]} 29. Rg1 {[%emt 0:00:38]} Ngf4 {[%emt 0:00:13]} 30. h4 {[%emt 0:01:05]} Ne6 {[%emt 0:00:13]} 31. Nxe6 {[%emt 0:01:24]} Rxe6 {[%emt 0:00:55]} 32. a4 {[%emt 0:00:55]} Rce8 {[%emt 0:00:00]} 33. Rg4 {[%emt 0:00:12]} Rf8 {[%emt 0:00:27]} 1/2-1/2